|
|
|
|
| LEADER |
00000nam a2200000Ia 4500 |
| 008 |
180427b2000 us ||||| |||| 00| | spa d |
| 999 |
|
|
|c 1836
|d 1836
|
| 090 |
|
|
|a 06.03.06
|b 863
|
| 100 |
|
|
|a Brunner, José Joaquín
|9 348
|
| 245 |
1 |
0 |
|a Argentina: Fondo de mejoramiento de la calidad universitaria (FOMEC): Evaluación preliminar y metodología para la evaluación de impacto /
|c José Joaquín Brunner, Roberto Martínez Nogueira
|
| 260 |
|
|
|a Washington, Estados Unidos :
|b World Bank,
|c 2000
|
| 300 |
|
|
|a 56 páginas
|
| 650 |
1 |
4 |
|a EDUCACIÓN SUPERIOR
|9 8
|
| 650 |
1 |
4 |
|a CALIDAD DE LA EDUCACIÓN
|9 11
|
| 650 |
1 |
4 |
|a EVALUACIÓN
|9 287
|
| 650 |
1 |
4 |
|a PROYECTOS DE EDUCACION
|9 152
|
| 700 |
1 |
|
|a Martínez Nogueira, Roberto
|9 3623
|
| 942 |
|
|
|i 001441
|h 06.03.06 863
|2 z
|c 01
|